| 000 | 00405nam a22001457a 4500 | ||
|---|---|---|---|
| 020 | _a9781350199675 | ||
| 040 | _cNUST | ||
| 082 |
_a407 _bTOM |
||
| 100 |
_aTomlinson, Brian _9125528 |
||
| 245 | _aDeveloping Materials for Language Teaching | ||
| 250 | _a3rd Edition | ||
| 260 |
_aLondon: _bBloomsbury Academic, _c2023. |
||
| 650 |
_aLanguage and Languages Study and Teaching _9125529 |
||
| 942 |
_2ddc _cBK |
||
| 999 |
_c611266 _d611266 |
||